| Tag |
First Indicator |
Second Indicator |
Subfields |
| LEADER |
00000pam a2200000 a 4500 |
| 001 |
in00000075889 |
| 005 |
20151008054909.0 |
| 008 |
810911s1981 paua b 10100 eng |
| 010 |
|
|
|a 81007158
|
| 020 |
|
|
|a 0879334185
|
| 035 |
|
|
|a (OCoLC)07836072
|
| 035 |
|
|
|9 AAJ1994AM
|
| 039 |
0 |
|
|a 2
|b 3
|c 3
|d 3
|e 3
|
| 040 |
|
|
|a DLC
|c DLC
|d TXA
|d UtOrBLW
|
| 043 |
|
|
|a n-us-nc
|
| 049 |
|
|
|a TXAM
|c [1442315]
|
| 050 |
0 |
0 |
|a QH105.N8
|b P6
|
| 082 |
0 |
|
|a 333.91/8/09756
|2 19
|
| 245 |
0 |
0 |
|a Pocosin wetlands :
|b an integrated analysis of coastal plain freshwater bogs in North Carolina /
|c edited by Curtis J. Richardson, with the assistance of Mary L. Matthews, Stephen A. Anderson.
|
| 264 |
|
1 |
|a Stroudsburg, Pa. :
|b Hutchinson Ross ;
|c [1981]
|
| 264 |
|
2 |
|a [New York] :
|b Distributed by Academic Press,
|
| 264 |
|
4 |
|c ©1981
|
| 300 |
|
|
|a xix, 364 pages :
|b illustrations ;
|c 24 cm.
|
| 336 |
|
|
|a text
|b txt
|2 rdacontent
|
| 337 |
|
|
|a unmediated
|b n
|2 rdamedia
|
| 338 |
|
|
|a volume
|b nc
|2 rdacarrier
|
| 500 |
|
|
|a "Pocosins: proceedings of a Conference on Alternative Uses of the Coastal Plain Freshwater Wetlands of North Carolina, January 3-4, 1980, Duke University Marine Laboratory, Beaufort, North Carolina, sponsored by Integrated Case Studies Program in Natural Resources Analysis, Duke University School of Forestry and Environmental Studies [and others] --P. iii."
|
| 504 |
|
|
|a Includes bibliographies and index.
|
| 650 |
|
0 |
|a Wetland ecology
|z North Carolina
|x Congresses.
|
| 650 |
|
0 |
|a Bog ecology
|z North Carolina
|x Congresses.
|
| 650 |
|
0 |
|a Wetlands
|z North Carolina
|x Congresses.
|
| 650 |
|
0 |
|a Bogs
|z North Carolina
|x Congresses.
|
| 700 |
1 |
|
|a Richardson, Curtis J.
|
| 700 |
1 |
|
|a Matthews, Mary L.
|
| 700 |
1 |
|
|a Anderson, Stephen A.
|
| 710 |
2 |
|
|a Duke University.
|b Marine Laboratory.
|
| 710 |
2 |
|
|a Duke University.
|b School of Forestry and Environmental Studies.
|
| 711 |
2 |
|
|a Conference on Alternative Uses of the Coastal Plain Freshwater Wetlands of North Carolina
|n (1980 :
|c Duke University Marine Laboratory, Beaufort, N.C.)
|
| 740 |
0 |
|
|a Coastal plain freshwater bogs in North Carolina.
|
| 999 |
|
|
|a MARS
|
| 999 |
f |
f |
|s f2799192-3d17-3d3e-9a70-38c8841368e5
|i eec8dbce-3626-3b70-a399-bae80fbfd663
|t 0
|
| 952 |
f |
f |
|p ric
|a Texas A&M University
|b Rellis Campus
|c Joint Library Facility
|d Remote Storage
|t 0
|e QH105.N8 P6
|h Library of Congress classification
|i unmediated -- volume
|m A14806216143
|
| 998 |
f |
f |
|a QH105.N8 P6
|t 0
|l Remote Storage
|